000 00345nab a22001097u 4500
008 130520b1983 xxu||||| |||| 00| 0 spa d
041 _aspa
100 1 _aCollet, Jean
_952271
245 0 0 _aImágenes de la indiferencia, indiferencia ante las imágenes
_cJean Collet
773 0 _tConcilium
_gV.2,1983,págs.273-280
_x0210-1041
_wRev134
942 _cAR
999 _c355002
_d355002